| 000 | 00864nam a22002297a 4500 | ||
|---|---|---|---|
| 999 |
_c22567 _d22567 |
||
| 003 | AR-CdUCM | ||
| 008 | 190423b ||||| |||| 00| 0 spa d | ||
| 020 | _a9786123210670 | ||
| 040 |
_aMUNICIPALIDAD PROVINCIAL DEL CUSCO _cBIBLIOTECA MUNICIPAL DEL CUSCO |
||
| 041 | _hspa | ||
| 082 |
_aES/869.56/C71Ch _bC71Ch |
||
| 100 |
_aColchado Lucio, Óscar _913556 |
||
| 245 |
_aCholito en la maravillosa Amazonía / _cÓscar Colchado Lucio ; ilustraciones, Patricia Vásquez de Velasco |
||
| 260 |
_aLima : _bLoqueleo, _c2021. |
||
| 300 |
_a138 páginas, 5 páginas sin numerar : _bilustraciones en color ; _c20 cm. |
||
| 500 | _aGlosario: página [143] "Narrativa. +10"--Cubierta. | ||
| 650 |
_aCuentos infantiles peruanos _93914 |
||
| 650 |
_aSiglo XX _948528 |
||
| 700 |
_aVásquez de Velasco, Patricia _eilustrador _948530 |
||
| 942 |
_2ddc _cLIBROS |
||
| 945 | _arac | ||